Statistics for The Karate Kid (1984) Quiz

Click here to take the quiz!

General Stats

  • This quiz has been taken 130 times
  • The average score is 10 of 21

Answer Stats

Hint Answer % Correct
Type of tree that Mr. Miyagi grows and gifts to DanielBonsai
86%
Mr. Miyagi teaches Daniel how to wash cars by using this quoteWax on, wax off
84%
Item that Daniel tries to return to Ali, causing him to fight JohnnyRadio
79%
Actor who plays Daniel LarussoRalph Macchio
75%
Event where Daniel soaks Johnny in the toilets, causing the Cobra Kai gang to beat him upHalloween Party
67%
Stance that Daniel performs when the score is 2-2 (he saw Mr. Miyagi do this on the beach)The Crane
61%
What the Cobra Kai sensei orders Johnny to do when Daniel is beating him 2-0 in the finalSweep the Leg
59%
Name of karate tournament the Cobra Kai and Daniel fight inAll Valley
58%
Evil sensei who runs the Cobra Kai dojoJohn Kreese
56%
3rd member of Cobra Kai to be beaten by DanielTommy
51%
The least vicious Cobra Kai student who trips Daniel while playing footballBobby
48%
4th member of Cobra Kai to be beaten by DanielDutch
41%
Quote which Tommy sarcastically shouts from the sidelines when the score is tied between Johnny and DanielGet him a body bag
39%
Boy who befriends Daniel and lives in the same apartment block as himFreddy Fernandez
39%
Attribute Mr. Miyagi believes is not only important in karate, but in real life tooBalance
38%
Name of Daniel's motherLucille Larusso
38%
Japanese Infantry Regiment Mr. Miyagi was in442nd
15%
Place where Daniel moves from at the start of the movieNewmark, New Jersey
9%
Ali's friend who refers to Daniel as 'fungus'Susan
8%
Highly skilled opponent in the tournament who is beaten by Johnny in the semi-finalsDarryl Vidal
5%
1st member of the Cobra Kai to be beaten by Daniel, is also beaten in a sparring match in an earlier scene in the Cobra Kai dojoJerry
4%

Score Distribution

Percentile by Number Answered

Percent of People with Each Score

Your Score History

You have not taken this quiz